[Event "ch-SVK"]
[Site "Kaskady SVK"]
[Date "2002.07.02"]
[Round "6"]
[White "Priehoda,V"]
[Black "Ftacnik,L"]
[Result "1/2-1/2"]
[WhiteElo "2425"]
[BlackElo "2576"]
[EventDate "2002.06.27"]

1. d4 Nf6 2. c4 e6 3. Nf3 b6 4. e3 Bb4+ 5. Nbd2 Bb7 6. Bd3 O-O 7. O-O d5 8.
Qc2 c5 9. dxc5 Bxc5 10. cxd5 Qxd5 11. e4 Qh5 12. e5 Nd5 13. Qc4 Nc6 14. Re1
Ncb4 15. Be4 Bc6 16. Qb3 Nf4 17. Nf1 Bxe4 18. Rxe4 Nfd3 19. Be3 Qg6 20. Ng3
Bxe3 21. Rxe3 a5 22. Nh4 Qh6 23. Nf3 Rfd8 24. Rd1 Nc5 25. Rxd8+ Rxd8 26.
Qc4 Qg6 27. a3 Rd1+ 28. Nf1 Nd5 29. Re1 Rxe1 30. Nxe1 Qb1 31. Qe2 g6 32. g3
Kg7 33. Kg2 Qc1 34. h4 h5 35. Nh2 Na4 36. Nd3 Qc4 37. Qd1 Qe4+ 38. Kg1 Nc5
39. Nxc5 bxc5 40. Nf3 c4 41. Kg2 g5 42. Qd2 g4 43. Qg5+ Qg6 44. Nd2 Qxg5
45. hxg5 Nb6 46. f4 gxf3+ 47. Kxf3 Kg6 48. Kf4 a4 49. Ne4 Nd5+ 50. Kf3 Kf5
51. Nd6+ Kxg5 52. Nxf7+ Kf5 53. Nd6+ Kxe5 54. Nxc4+ Kd4 55. Na5 Ne7 56. b3
e5 57. bxa4 e4+ 58. Ke2 Nf5 59. Nb3+ Kd5 60. Kf2 Kc4 61. Nc1 Kc5 62. Ne2
Kb6 63. Nf4 Ka5 64. Nxh5 Nxg3 1/2-1/2

[Event "ch-SVK"]
[Site "Kaskady SVK"]
[Date "2002.07.03"]
[Round "7"]
[White "Landa,K"]
[Black "Khenkin,I"]
[Result "1/2-1/2"]
[WhiteElo "2623"]
[BlackElo "2587"]
[EventDate "2002.06.27"]

1. e4 c6 2. d4 d5 3. Nc3 dxe4 4. Nxe4 Bf5 5. Ng3 Bg6 6. h4 h6 7. Nf3 Nd7 8.
h5 Bh7 9. Bd3 Bxd3 10. Qxd3 e6 11. Bf4 Qa5+ 12. Bd2 Qc7 13. O-O-O Ngf6 14.
Ne4 O-O-O 15. g3 Nxe4 16. Qxe4 Bd6 17. c4 1/2-1/2

[Event "ch-SVK"]
[Site "Kaskady SVK"]
[Date "2002.07.03"]
[Round "7"]
[White "Mrva,Mart"]
[Black "Movsesian,S"]
[Result "1-0"]
[WhiteElo "2426"]
[BlackElo "2624"]
[EventDate "2002.06.27"]

1. d4 Nf6 2. Nf3 g6 3. c4 Bg7 4. Nc3 O-O 5. e4 d6 6. Be2 Na6 7. Be3 Qe8 8.
Nd2 e5 9. d5 Nd7 10. a3 f5 11. f3 c5 12. g4 Qe7 13. h4 Nf6 14. h5 f4 15.
Bf2 gxh5 16. g5 Ne8 17. Rxh5 Qf7 18. Rh2 Qg6 19. Bh4 Rf7 20. Qa4 Bd7 21.
Qb3 Rb8 22. Nb5 Ra8 23. O-O-O Bf8 24. Rg1 Be7 25. Rgg2 Ng7 26. Nxa7 Rb8 27.
Nb1 Nh5 28. Nc3 Rg7 29. Kb1 Qe8 30. Nab5 Qf8 31. Na4 Ng3 32. Nb6 Be8 33.
Bxg3 fxg3 34. Rxg3 Bxg5 35. Rhg2 h6 36. Bf1 Rd8 37. Rg1 Bg6 38. Bh3 Kh8 39.
Be6 Nc7 40. Nxc7 Rxc7 41. Ka2 Rg7 42. Qc3 Qe7 43. Nc8 Qf8 44. Na7 Bh7 45.
Nb5 Qe7 46. Qa5 Bg6 47. Nc3 Rf8 48. Nd1 Rf6 49. Qc3 Qf8 50. Nf2 Bh4 51. Ng4
Bxg3 52. Rxg3 Rf4 53. Nxh6 Rh4 54. Ng4 Qf4 55. Rg1 Bh7 56. Qa5 Qf8 57. Re1
Bg8 58. Bf5 Bh7 59. Be6 Bg8 60. Ne3 Rh2 61. Nf5 Rgg2 62. Rb1 Bh7 63. Qb6
Bxf5 64. exf5 Qe7 65. f6 Qxf6 66. Qxd6 Kh7 67. Qc7+ Kh6 68. Qxb7 Qxf3 69.
Qb6 Qc3 70. d6 Rg3 71. Qxc5 Qb3+ 72. Ka1 Rf3 73. Qb4 Qxb4 74. axb4 Rd2 75.
d7 Rf6 76. Rh1+ Kg5 77. Bd5 Rd6 78. Rh7 e4 79. Bxe4 Rxd7 80. Rxd7 Rxd7 81.
b5 Kf4 82. Bc6 Rd8 83. Ka2 Ke5 84. Kb3 Rd2 85. Kc3 Rh2 86. c5 Rh6 87. b6
Ke6 88. b7 Rh8 89. Kc4 1-0

[Event "ch-SVK"]
[Site "Kaskady SVK"]
[Date "2002.07.03"]
[Round "7"]
[White "Romanishin,O"]
[Black "Markos,J"]
[Result "1-0"]
[WhiteElo "2571"]
[BlackElo "2467"]
[EventDate "2002.06.27"]

1. Nf3 Nf6 2. c4 e6 3. g3 a6 4. Bg2 b5 5. d3 c5 6. O-O Bb7 7. Nc3 b4 8. Na4
d6 9. e4 Be7 10. e5 dxe5 11. Nxe5 Bxg2 12. Kxg2 O-O 13. Qf3 Ra7 14. Be3
Nfd7 15. Nxd7 Nxd7 16. d4 cxd4 17. Bxd4 Rc7 18. b3 Bf6 19. Rad1 Qe7 20. Be3
Be5 21. Rfe1 f5 22. Bb6 f4 23. g4 Bd6 24. Bxc7 Bxc7 25. c5 Ne5 26. Rxe5
Bxe5 27. c6 Rd8 28. Rxd8+ Qxd8 29. Nc5 Kf7 30. Qe4 Qg5 31. h3 h5 32. c7 1-0

[Event "ch-SVK"]
[Site "Kaskady SVK"]
[Date "2002.07.03"]
[Round "7"]
[White "Tibensky,R"]
[Black "Priehoda,V"]
[Result "1/2-1/2"]
[WhiteElo "2448"]
[BlackElo "2425"]
[EventDate "2002.06.27"]

1. Nf3 d5 2. c4 c6 3. b3 Bf5 4. g3 e6 5. Bg2 Nf6 6. O-O h6 7. d3 Bh7 8. Bb2
Bc5 9. Nc3 O-O 10. Qc2 Qe7 11. a3 dxc4 12. bxc4 1/2-1/2

[Event "ch-SVK"]
[Site "Kaskady SVK"]
[Date "2002.07.04"]
[Round "8"]
[White "Khenkin,I"]
[Black "Stohl,I"]
[Result "1/2-1/2"]
[WhiteElo "2587"]
[BlackElo "2550"]
[EventDate "2002.06.27"]

1. d4 Nf6 2. c4 g6 3. Nc3 d5 4. cxd5 Nxd5 5. e4 Nxc3 6. bxc3 Bg7 7. Nf3 c5
8. Be3 Qa5 9. Qd2 Nc6 10. Rb1 cxd4 11. cxd4 O-O 12. Qxa5 Nxa5 13. Bd2 b6
14. Bb5 Bg4 15. Bb4 a6 16. Ba4 Bxf3 17. gxf3 Bxd4 18. Bxe7 1/2-1/2

[Event "ch-SVK"]
[Site "Kaskady SVK"]
[Date "2002.07.04"]
[Round "8"]
[White "Movsesian,S"]
[Black "Romanishin,O"]
[Result "1/2-1/2"]
[WhiteElo "2624"]
[BlackElo "2571"]
[EventDate "2002.06.27"]

1. e4 e5 2. Nf3 Nc6 3. d4 exd4 4. Nxd4 Bc5 5. Be3 Qf6 6. c3 Qg6 7. Qf3 Nxd4
8. cxd4 Bb4+ 9. Nc3 Ne7 10. Bd3 d5 11. O-O O-O 12. Bf4 Bxc3 13. bxc3 Bg4
14. Qe3 c6 15. f3 Bd7 16. Qd2 f5 17. exd5 Nxd5 18. Be5 Qf7 19. c4 Nb6 20.
Qc3 Be6 21. Rfc1 Nd7 22. Bf4 Rfe8 23. a4 Nf8 24. Re1 Ng6 25. Bd6 Rad8 26.
c5 Bd5 27. a5 a6 28. Rab1 Nh4 29. Kf2 f4 30. Qd2 g5 31. Rxe8+ Rxe8 32. Re1
Rxe1 33. Qxe1 Qe6 34. Qxe6+ Bxe6 35. g3 Ng6 36. Kg2 Kf7 37. h4 gxh4 38.
Bxf4 hxg3 39. Kxg3 Ne7 40. Be5 Bf5 41. Be2 Kg6 42. Bd6 Nd5 43. Kh4 Ne3 44.
Bf4 Nd5 45. Be5 Ne3 46. Kg3 Be6 47. Kf2 Nf5 48. Bd3 h5 49. Kg2 Bd5 1/2-1/2

[Event "ch-SVK"]
[Site "Kaskady SVK"]
[Date "2002.07.04"]
[Round "8"]
[White "Plachetka,J"]
[Black "Ftacnik,L"]
[Result "0-1"]
[WhiteElo "2441"]
[BlackElo "2576"]
[EventDate "2002.06.27"]

1. e4 c5 2. c3 d5 3. exd5 Qxd5 4. d4 g6 5. Nf3 Bg7 6. Be3 cxd4 7. cxd4 Nh6
8. Nc3 Qd8 9. Bb5+ Nd7 10. O-O O-O 11. Re1 Nf5 12. Bf4 Nb6 13. Bf1 Be6 14.
Be5 Rc8 15. Bxg7 Kxg7 16. Qe2 Kg8 17. Rad1 Nd5 18. Ng5 Nxc3 19. bxc3 Bd5
20. Ne4 Qa5 21. f3 Rc7 22. Qb2 Rfc8 23. a3 Nd6 24. Qb4 Qxb4 25. cxb4 Rc2
26. Nc5 Rc7 27. Bd3 Ra2 28. Ra1 Rxa1 29. Rxa1 b6 30. Ne4 Nf5 31. Rd1 Bb3
32. Rd2 Nxd4 33. Bf1 Ne6 34. Kf2 f5 35. Ng3 Kf7 36. Ba6 Bc4 37. Bxc4 Rxc4
38. Ne2 Nc7 39. Ke3 Nb5 40. Rd3 Rc2 41. g4 fxg4 42. fxg4 Ra2 43. Nc3 Nxc3
44. Rxc3 Rxh2 45. Kf4 h5 46. Kg3 Rh1 47. gxh5 Rxh5 48. a4 Rd5 49. Rc7 a5
50. Rb7 axb4 51. Rxb6 Rd4 52. a5 Rd5 53. a6 Ra5 54. Kf4 b3 0-1

[Event "ch-SVK"]
[Site "Kaskady SVK"]
[Date "2002.07.04"]
[Round "8"]
[White "Priehoda,V"]
[Black "Sutovsky,E"]
[Result "0-1"]
[WhiteElo "2425"]
[BlackElo "2660"]
[EventDate "2002.06.27"]

1. d4 Nf6 2. c4 g6 3. Nc3 d5 4. Nf3 Bg7 5. cxd5 Nxd5 6. Bd2 O-O 7. Rc1 Nb6
8. Bg5 h6 9. Bh4 g5 10. Bg3 c5 11. Nb5 cxd4 12. Nfxd4 a6 13. Bc7 Qd5 14.
Bxb6 axb5 15. e3 Rxa2 16. Rc5 Qd6 17. Rxb5 Bd7 18. Bc5 Qd5 19. Qb3 Ra1+ 20.
Kd2 Qe5 21. Nf3 Qc7 0-1

[Event "ch-SVK"]
[Site "Kaskady SVK"]
[Date "2002.07.04"]
[Round "8"]
[White "Tibensky,R"]
[Black "Mrva,Mart"]
[Result "1-0"]
[WhiteElo "2448"]
[BlackElo "2426"]
[EventDate "2002.06.27"]

1. e4 c5 2. d4 cxd4 3. c3 d3 4. Bxd3 Qc7 5. Ne2 Nf6 6. O-O e6 7. c4 Nc6 8.
Nbc3 Ne5 9. b3 Nfg4 10. Bf4 g5 11. Bg3 h5 12. h3 h4 13. Bxe5 Nxe5 14. f4
gxf4 15. Nxf4 d6 16. Kh1 Bd7 17. Rc1 Qc5 18. Nce2 Bh6 19. Bb1 O-O-O 20. Qe1
Nc6 21. Rd1 Bg7 22. Nd3 Qh5 23. b4 e5 24. c5 Be6 25. b5 Ne7 26. c6 b6 27.
a4 d5 28. a5 dxe4 29. axb6 axb6 30. Qb4 Nd5 31. Qxe4 Kc7 32. Nb4 f5 33.
Na6+ Kc8 34. Rxf5 Qh6 35. Rxe5 Nf6 36. Qc2 Rxd1+ 37. Qxd1 Ng4 38. Rxe6 Nf2+
39. Kg1 Qxe6 40. Kxf2 Rd8 41. Nf4 Rf8 42. Qg4 Qxg4 43. hxg4 Rxf4+ 44. Ke3
Bh6 45. Ke2 Rc4 46. Bd3 Rc3 47. Nb4 Rc5 48. Kf3 Bd2 49. Na6 Rc3 50. Ke4 Rc1
51. Kf5 Rc3 52. Be4 Kd8 53. g5 Rc1 54. c7+ Kc8 55. Kg6 1-0

[Event "ch-SVK"]
[Site "Kaskady SVK"]
[Date "2002.07.05"]
[Round "9"]
[White "Mrva,Mart"]
[Black "Priehoda,V"]
[Result "1/2-1/2"]
[WhiteElo "2426"]
[BlackElo "2425"]
[EventDate "2002.06.27"]

1. d4 Nf6 2. c4 e6 3. Nc3 Bb4 4. e3 O-O 5. Bd3 c5 6. Nf3 d5 7. O-O dxc4 8.
Bxc4 cxd4 9. exd4 b6 10. Bg5 Bb7 11. Re1 Nbd7 12. Rc1 Rc8 13. Qb3 Bxc3 14.
Rxc3 h6 15. Bh4 Bd5 16. Bxd5 Rxc3 17. bxc3 exd5 18. c4 dxc4 19. Qxc4 Qc8
20. Qb3 Re8 21. Rd1 Re2 22. Nd2 Qc6 23. Bg3 Qd5 24. Kf1 Re8 25. Nc4 Ne4 26.
Bf4 Qf5 27. Be3 b5 28. Nd2 Nxd2+ 29. Rxd2 Nb6 30. Qd3 Qd5 31. Rd1 Rc8 32.
h3 Rc6 33. Bf4 Rg6 34. Bg3 Nc4 35. Rb1 Rb6 36. Kg1 a6 37. Kh2 a5 38. f4 Re6
39. Bf2 b4 40. Rc1 Rc6 41. Qb3 Qb5 42. Qd3 Qd5 43. Qb3 Qb5 44. Qd3 Qd5 45.
Qb3 Qb5 1/2-1/2

[Event "ch-SVK"]
[Site "Kaskady SVK"]
[Date "2002.07.05"]
[Round "9"]
[White "Romanishin,O"]
[Black "Tibensky,R"]
[Result "1-0"]
[WhiteElo "2571"]
[BlackElo "2448"]
[EventDate "2002.06.27"]

1. Nf3 g6 2. d4 Bg7 3. g3 f5 4. Bg2 Nh6 5. c4 c6 6. d5 Nf7 7. O-O Na6 8.
Nc3 O-O 9. e4 e5 10. exf5 gxf5 11. Nh4 d6 12. dxc6 bxc6 13. Bxc6 Rb8 14.
Bg2 Nc5 15. Nd5 f4 16. b4 Ne6 17. Nf5 Rb7 18. Nxg7 Nxg7 19. gxf4 Qh4 20.
Rb1 Nh5 21. Qxh5 1-0

[Event "ch-SVK"]
[Site "Kaskady SVK"]
[Date "2002.07.05"]
[Round "9"]
[White "Stohl,I"]
[Black "Markos,J"]
[Result "1/2-1/2"]
[WhiteElo "2550"]
[BlackElo "2467"]
[EventDate "2002.06.27"]

1. d4 Nf6 2. c4 e6 3. Nc3 Bb4 4. Qc2 O-O 5. a3 Bxc3+ 6. Qxc3 b6 7. Bg5 Ba6
8. Nf3 d6 9. Nd2 Nbd7 10. e3 c5 11. dxc5 bxc5 12. Bd3 Qb6 13. O-O d5 14.
Rab1 dxc4 15. Bxc4 Nd5 16. Qc2 h6 17. Bh4 Rfc8 18. Rfd1 Ne5 19. Bxa6 Qxa6
20. Bg3 Nd7 21. Nc4 N7b6 22. Nd6 Rc6 23. e4 1/2-1/2

[Event "ch-SVK"]
[Site "Kaskady SVK"]
[Date "2002.07.05"]
[Round "9"]
[White "Sutovsky,E"]
[Black "Plachetka,J"]
[Result "1-0"]
[WhiteElo "2660"]
[BlackElo "2441"]
[EventDate "2002.06.27"]

1. e4 e5 2. Nf3 Nc6 3. Bb5 a6 4. Ba4 Nf6 5. O-O Be7 6. Re1 b5 7. Bb3 O-O 8.
a4 Bb7 9. d3 d6 10. Nc3 Na5 11. Ba2 b4 12. Ne2 c5 13. Ng3 Bc8 14. c3 Rb8
15. d4 b3 16. Bb1 Qc7 17. d5 c4 18. h3 Nd7 19. Nf5 Nc5 20. Nh2 Bxf5 21.
exf5 Rfe8 22. Be3 f6 23. Bxc5 Qxc5 24. Re4 Bd8 25. Nf1 Bb6 26. Qd2 Qc7 27.
Ng3 Qf7 28. Rg4 Rbc8 29. Be4 Kh8 30. Bf3 Red8 31. Re1 Qd7 32. Ree4 Rc7 33.
Rh4 Kg8 34. Reg4 Qxa4 35. Nh5 Qa1+ 36. Kh2 Kh8 37. Nxg7 Bxf2 38. Qxf2 Rxg7
39. Rxg7 Kxg7 40. Qa7+ 1-0

[Event "ch-SVK"]
[Site "Kaskady SVK"]
[Date "2002.07.06"]
[Round "10"]
[White "Markos,J"]
[Black "Ftacnik,L"]
[Result "1/2-1/2"]
[WhiteElo "2467"]
[BlackElo "2576"]
[EventDate "2002.06.27"]

1. d4 Nf6 2. c4 g6 3. Nc3 d5 4. Nf3 Bg7 5. cxd5 Nxd5 6. e4 Nxc3 7. bxc3 c5
8. Rb1 O-O 9. Be2 Nc6 10. d5 Ne5 11. Nxe5 Bxe5 12. Qd2 b6 13. O-O e6 14. f4
Bg7 15. Bc4 Bb7 16. dxe6 Bxe4 17. exf7+ Kh8 18. Rb2 Qf6 19. Qe3 Bc6 20. Re2
Rad8 21. Bb2 Rd6 22. Qe7 Qxe7 23. Rxe7 b5 24. Re6 Rd2 25. Rf2 Rd1+ 26. Rf1
Rd2 27. Rf2 Rd1+ 28. Rf1 Rd2 1/2-1/2

[Event "ch-SVK"]
[Site "Kaskady SVK"]
[Date "2002.07.06"]
[Round "10"]
[White "Mrva,Mart"]
[Black "Romanishin,O"]
[Result "0-1"]
[WhiteElo "2426"]
[BlackElo "2571"]
[EventDate "2002.06.27"]

1. e4 e5 2. Nf3 Nc6 3. Bb5 a6 4. Ba4 Nf6 5. d3 d6 6. c4 Be7 7. h3 O-O 8.
Be3 Na7 9. Nc3 c5 10. g4 Nc6 11. Bxc6 bxc6 12. Ne2 Ne8 13. Ng3 Nc7 14. Nf5
Ne6 15. Qa4 Bd7 16. Bd2 Re8 17. Ba5 Qc8 18. Nxe7+ Rxe7 19. Nh4 Nf4 20. Qd1
Rb8 21. b3 g5 22. Nf5 Bxf5 23. gxf5 f6 24. Qf3 Rg7 25. Kd2 Kh8 26. Rag1 Qd7
27. Kc2 Rbg8 28. Rg3 Qf7 29. Rh2 Nxh3 30. Rg4 Nf4 31. Rh6 Qf8 32. Qh1 Rd7
33. Rg3 Rgg7 34. Kb2 d5 35. Ka3 Rgf7 36. Re3 Qd6 37. Rh2 dxc4 38. dxc4 Qd1
39. Re1 Qd6 40. f3 Qf8 41. Rd1 Rd4 42. Rdd2 Rfd7 43. Rc2 Kg8 44. Rh6 Qg7
45. Rch2 Rd1 46. Rxh7 Rxh1 47. Rxg7+ Kxg7 48. Rxh1 Rd3 49. Rf1 Ne2 50. Bb6
Nd4 51. Bxc5 Nxf3 52. Kb4 g4 53. Ka5 g3 54. Kxa6 g2 55. Ra1 Rd4 56. Kb6
g1=Q 57. Rxg1+ Nxg1 58. a4 Nf3 59. a5 Rxe4 60. a6 Re1 61. Bb4 Ra1 62. Ba5
Rh1 63. Kxc6 Rh8 64. b4 e4 65. b5 Ne5+ 66. Kd5 e3 67. b6 Rd8+ 68. Kc5 Rc8+
69. Kd5 Rd8+ 70. Kc5 Rc8+ 71. Kd5 Nd7 72. b7 Rc5+ 73. Kd6 Rxa5 74. Kxd7 e2
75. b8=Q e1=Q 76. Qd6 Qe5 77. Qb6 Qxf5+ 78. Kc6 Qc8+ 0-1

[Event "ch-SVK"]
[Site "Kaskady SVK"]
[Date "2002.07.06"]
[Round "10"]
[White "Priehoda,V"]
[Black "Plachetka,J"]
[Result "1/2-1/2"]
[WhiteElo "2425"]
[BlackElo "2441"]
[EventDate "2002.06.27"]

1. d4 Nf6 2. Nf3 e6 3. c4 b6 4. a3 Bb7 5. Nc3 d5 6. Bg5 Be7 7. cxd5 Nxd5 8.
Bxe7 Qxe7 9. Rc1 O-O 10. e3 c5 11. dxc5 Rd8 12. Qc2 Qxc5 13. Nxd5 1/2-1/2

[Event "ch-SVK"]
[Site "Kaskady SVK"]
[Date "2002.07.06"]
[Round "10"]
[White "Tibensky,R"]
[Black "Landa,K"]
[Result "0-1"]
[WhiteElo "2448"]
[BlackElo "2623"]
[EventDate "2002.06.27"]

1. e4 c5 2. d4 cxd4 3. c3 Nf6 4. e5 Nd5 5. Nf3 e6 6. cxd4 d6 7. Nc3 Nxc3 8.
bxc3 Qc7 9. Bd2 Nd7 10. exd6 Bxd6 11. Bd3 b6 12. O-O Bb7 13. Re1 O-O 14. h3
Rfe8 15. c4 Bf4 16. Be3 Rad8 17. Rc1 Nf6 18. c5 Bxe3 19. fxe3 bxc5 20. Rxc5
Qg3 21. Rf1 Rd5 22. Qa4 Rxc5 23. dxc5 Rc8 24. Qxa7 Bxf3 25. Rxf3 Qe1+ 26.
Kh2 Qc3 27. Ba6 Qxc5 28. Qxc5 Rxc5 29. Rf4 Nd5 30. Rd4 Kf8 31. e4 Nc3 32.
a3 Ra5 33. Bb7 Rxa3 34. Rd8+ Ke7 35. Rc8 Kd6 36. Rf8 Ke7 37. Rc8 Kf6 38.
Rc7 Ra7 39. Rxc3 Rxb7 40. Kg3 Ke5 41. Kf3 g6 42. Ra3 Rb5 43. Rd3 h5 44. Ra3
Rc5 45. Rd3 g5 46. Ra3 Kd4 47. Ra4+ Rc4 48. Ra5 f6 49. h4 Rc3+ 50. Kf2 Rc2+
51. Kg3 gxh4+ 52. Kh3 Re2 53. Ra4+ Ke3 54. Ra5 Kf4 55. Rxh5 Re3+ 56. Kxh4
Re1 0-1

[Event "ch-SVK"]
[Site "Kaskady SVK"]
[Date "2002.07.07"]
[Round "11"]
[White "Ftacnik,L"]
[Black "Movsesian,S"]
[Result "1/2-1/2"]
[WhiteElo "2576"]
[BlackElo "2624"]
[EventDate "2002.06.27"]

1. d4 Nf6 2. Nf3 d5 3. c4 c6 4. Nc3 a6 5. Ne5 Nbd7 6. Bf4 dxc4 7. Nxc4 b5
8. Ne5 Bb7 9. Nxd7 Qxd7 10. e3 e6 11. Be2 c5 1/2-1/2

[Event "ch-SVK"]
[Site "Kaskady SVK"]
[Date "2002.07.07"]
[Round "11"]
[White "Landa,K"]
[Black "Mrva,Mart"]
[Result "1-0"]
[WhiteElo "2623"]
[BlackElo "2426"]
[EventDate "2002.06.27"]

1. e4 c5 2. Nf3 e6 3. d4 cxd4 4. Nxd4 a6 5. Bd3 Qb6 6. Be3 Bc5 7. c3 Nc6 8.
Nd2 Nxd4 9. Nc4 Nc2+ 10. Qxc2 Qc6 11. Bxc5 Qxc5 12. e5 f5 13. b4 Qc7 14.
Nd6+ Ke7 15. g4 fxg4 16. Qd2 Nf6 17. c4 Qc6 18. O-O-O h6 19. exf6+ gxf6 20.
Be4 Qc7 21. h3 a5 22. b5 gxh3 23. Rhg1 1-0

[Event "ch-SVK"]
[Site "Kaskady SVK"]
[Date "2002.07.07"]
[Round "11"]
[White "Plachetka,J"]
[Black "Khenkin,I"]
[Result "1/2-1/2"]
[WhiteElo "2441"]
[BlackElo "2587"]
[EventDate "2002.06.27"]

1. d4 Nf6 2. Nf3 d5 3. c4 e6 4. Bg5 dxc4 5. Nc3 Bb4 6. e3 b5 7. a4 c6 8.
Nd2 Bb7 9. Be2 Nbd7 10. axb5 Bxc3 11. bxc3 cxb5 12. O-O Nb6 13. Qb1 Qd7
1/2-1/2

[Event "ch-SVK"]
[Site "Kaskady SVK"]
[Date "2002.07.07"]
[Round "11"]
[White "Romanishin,O"]
[Black "Priehoda,V"]
[Result "1/2-1/2"]
[WhiteElo "2571"]
[BlackElo "2425"]
[EventDate "2002.06.27"]

1. Nf3 c5 2. g3 g6 3. c3 b6 4. Bg2 Bb7 5. d4 Nf6 6. O-O cxd4 7. cxd4 Bg7 8.
Nc3 Ne4 9. Bd2 Nxc3 10. Bxc3 d5 11. Ne5 O-O 12. Qa4 Qd6 13. Rfd1 Nc6 14. f4
f6 15. Nxc6 Bxc6 16. Qb3 Qd7 17. a4 e6 18. e3 Rfc8 19. Bf1 a5 20. Rdc1 Qb7
21. Bd2 f5 22. Rc2 Bf8 23. Rac1 Bd7 24. Bb5 Rxc2 25. Rxc2 Rd8 26. Bxd7 Rxd7
27. Qc3 Kf7 28. Qc6 Qxc6 29. Rxc6 Rb7 30. b3 b5 31. Bxa5 bxa4 32. bxa4 Rb1+
33. Kg2 Ra1 34. Rc7+ Kg8 35. Bb6 Rxa4 36. Bc5 Ra8 37. Bxf8 Rxf8 38. Re7 Rf6
39. Kf3 h6 40. Ke2 g5 41. Kd3 Kf8 42. Rh7 Kg8 43. Rc7 g4 44. Rc6 h5 45. Kc3
h4 46. Kb4 hxg3 47. hxg3 Rh6 48. Kc5 Kf7 49. Kd6 Rh3 50. Rc7+ Kf6 51. Re7
Rxg3 52. Rxe6+ Kf7 53. Re5 Kf6 54. Re6+ Kf7 55. Kxd5 Rf3 56. Re5 Kf6 57.
Re6+ Kf7 58. Re5 Kf6 59. Re6+ 1/2-1/2

[Event "ch-SVK"]
[Site "Kaskady SVK"]
[Date "2002.07.07"]
[Round "11"]
[White "Stohl,I"]
[Black "Tibensky,R"]
[Result "1/2-1/2"]
[WhiteElo "2550"]
[BlackElo "2448"]
[EventDate "2002.06.27"]

1. c4 e6 2. Nf3 d5 3. d4 c6 4. Qc2 Nf6 5. Nbd2 Be7 6. g3 O-O 7. Bg2 Nbd7 8.
O-O Re8 9. e4 dxe4 10. Nxe4 c5 11. Rd1 Nxe4 12. Qxe4 cxd4 13. Nxd4 a6 14.
Qe2 Bf8 15. b3 Qc7 16. Bb2 Nc5 17. Nf3 f6 18. Rd2 Bd7 19. Rad1 Rad8 20. Ne1
Bc8 21. Nd3 Nxd3 22. Rxd3 Rxd3 23. Rxd3 a5 24. Be4 Rd8 1/2-1/2

[Event "ch-SVK Playoff"]
[Site "Kaskady SVK"]
[Date "2002.07.07"]
[Round "1"]
[White "Ftacnik,L"]
[Black "Movsesian,S"]
[Result "0-1"]
[WhiteElo "2576"]
[BlackElo "2624"]
[EventDate "2002.06.27"]

1. c4 Nf6 2. Nf3 c6 3. b3 d5 4. Bb2 Bg4 5. e3 Nbd7 6. Be2 e6 7. O-O Bd6 8.
d3 O-O 9. Nbd2 e5 10. h3 Bh5 11. cxd5 cxd5 12. e4 Re8 13. Re1 d4 14. Nxd4
exd4 15. Bxh5 Bb4 16. Be2 Qa5 17. Nc4 Qc7 18. Bxd4 Bxe1 19. Qxe1 b5 20. Ne3
Rac8 21. Qb4 Rb8 22. Nf5 a5 23. Qd2 h6 24. Rc1 Qd8 25. Qf4 Re6 26. Qg3 Ne8
27. Bg4 Rg6 28. Nh4 Rd6 29. Bxd7 Rxd7 30. Be5 Rb6 31. Rd1 Re6 32. Nf5 Qg5
33. Qh2 Rxd3 34. Rf1 Qd8 35. Qf4 f6 36. Bb2 Rd2 37. Bc3 Rd1 38. Rxd1 Qxd1+
39. Kh2 Qd3 40. Bxa5 Qxe4 41. Qxe4 Rxe4 42. Bb6 Kf7 43. Nd4 Nd6 44. a4 bxa4
45. bxa4 Nc8 46. Bc5 Re5 47. Nb3 Ke6 48. a5 Kd5 49. a6 Kc4 50. a7 Nxa7 51.
Bxa7 Kxb3 52. h4 Kc4 53. g4 h5 54. gxh5 Rxh5 55. Kg3 Ra5 56. Be3 Kd3 57.
Kf3 Ra4 58. Kg3 g6 59. Bb6 f5 60. Be3 Rg4+ 61. Kh3 Ke2 62. Ba7 Kf3 63. Bb6
Rb4 64. Bc5 Rb2 65. Bd4 Rb1 66. Kh2 Rb4 0-1

[Event "ch-SVK Playoff"]
[Site "Kaskady SVK"]
[Date "2002.07.07"]
[Round "2"]
[White "Movsesian,S"]
[Black "Ftacnik,L"]
[Result "1/2-1/2"]
[WhiteElo "2624"]
[BlackElo "2576"]
[EventDate "2002.06.27"]

1. e4 c5 2. Nf3 d6 3. d4 cxd4 4. Nxd4 Nf6 5. Nc3 a6 6. g3 e6 7. Bg2 Qc7 8.
O-O Nc6 9. Nxc6 bxc6 10. Na4 Bb7 11. c4 c5 12. Qe2 Nd7 13. Be3 g6 14. Rad1
Bg7 15. Qd2 Ne5 16. b3 Rd8 17. Bg5 Rd7 18. Bh6 O-O 19. Bxg7 Kxg7 20. f4 Ng4
21. Qb2+ f6 22. Rd3 e5 23. Nc3 h5 24. Qd2 Rfd8 25. Rd1 Bc6 26. Nd5 Bxd5 27.
Rxd5 a5 28. Bh3 Qb6 29. Qe2 a4 30. R5d3 axb3 31. axb3 exf4 32. gxf4 Re7 33.
Bxg4 hxg4 34. Qxg4 Qc6 35. f5 g5 36. Rh3 Qxe4 37. Qh5 Qxf5 38. Qh6+ Kf7 39.
Qh7+ Qxh7 40. Rxh7+ Ke8 41. Rh8+ Kd7 42. Rxd8+ Kxd8 43. Rxd6+ Ke8 44. Rxf6
Re3 45. Rf5 g4 46. Rxc5 Rxb3 47. Rg5 Rb1+ 48. Kf2 Rb2+ 49. Kg3 Rc2 50. Rxg4
1/2-1/2